MARC details
| 000 -CABECERA |
| campo de control de longitud fija |
02446nam a22003617a 4500 |
| 001 - NÚMERO DE CONTROL |
| campo de control |
000007268 |
| 003 - IDENTIFICADOR DEL NÚMERO DE CONTROL |
| campo de control |
OSt |
| 005 - FECHA Y HORA DE LA ÚLTIMA TRANSACCIÓN |
| campo de control |
20201118083857.0 |
| 008 - DATOS DE LONGITUD FIJA--INFORMACIÓN GENERAL |
| campo de control de longitud fija |
090907s1999 dr a 000 0 spa d |
| 040 ## - FUENTE DE LA CATALOGACIÓN |
| Centro catalogador/agencia de origen |
DO-SdBNP |
| Lengua de catalogación |
spa |
| Centro/agencia transcriptor |
BNPHU |
| 082 ## - NÚMERO DE LA CLASIFICACIÓN DECIMAL DEWEY |
| Número de clasificación |
xxxx |
| Número de documento/Ítem |
xxxx |
| 245 00 - MENCIÓN DE TÍTULO |
| Título |
Infarto agudo de miocardio : |
| Resto del título |
República Dominicana / |
| Mención de responsabilidad, etc. |
coautores Claudio Almonte Germán...[et.al.] ; presentacion José Reyes Troncoso. |
| 260 ## - PUBLICACIÓN, DISTRIBUCIÓN, ETC. |
| Lugar de publicación, distribución, etc. |
Santo Domingo : |
| Nombre del editor, distribuidor, etc. |
Sociedad Dominicana de Cardiología, |
| Fecha de publicación, distribución, etc. |
1999. |
| 300 ## - DESCRIPCIÓN FÍSICA |
| Extensión |
265 p. : |
| Otras características físicas |
il. ; |
| Dimensiones |
27 cm. |
| 500 ## - NOTA GENERAL |
| Nota general |
Incluye índices. |
| 504 ## - NOTA DE BIBLIOGRAFÍA, ETC. |
| Nota de bibliografía, etc. |
Bibliografia p: 239-241 |
| 505 2# - NOTA DE CONTENIDO CON FORMATO |
| Título |
Presentación -- |
| -- |
Introducción -- |
| Información miscelánea |
Capitulo I -- |
| Título |
Enfermedad cardiovascular aterosclerótica -- |
| Mención de responsabilidad |
Ángel González Medina / |
| Información miscelánea |
Capitulo II -- |
| Título |
La patologenia de la aterosclerosis y la aterotrombosis -- |
| Mención de responsabilidad |
Rafael Pichardo Estévez / |
| Información miscelánea |
Capitulo III -- |
| Título |
Fistopatología del infarto agudo del miocardio -- |
| Mención de responsabilidad |
Delio José Guzmán -- |
| -- |
Claudio Almonte Germán / |
| Información miscelánea |
Capitulo IV -- |
| Título |
Infarto agudo del miocardio, incidencia - cuadro clínico y diagnostico -- |
| Mención de responsabilidad |
Santiago García García / |
| Información miscelánea |
Capitulo V -- |
| Título |
Tratamiento medico -- |
| Mención de responsabilidad |
Wilson Ramírez Diroche / |
| Información miscelánea |
Capitulo VI -- |
| Título |
Tratamiento intervencionista -- |
| Mención de responsabilidad |
Roberto Fernández de Castro / |
| Información miscelánea |
Capitulo VII -- |
| Título |
Cirugía en el infarto agudo de miocardio -- |
| Mención de responsabilidad |
Hernán Cruz / |
| Información miscelánea |
Capitulo VIII --- |
| Título |
Complicaciones del Iam -- |
| Mención de responsabilidad |
Miguel Ángel Arias -- |
| -- |
Braulio Mateo / |
| Información miscelánea |
Capitulo IX -- |
| Título |
Manejo del paciente post-infarto miocardio -- |
| Mención de responsabilidad |
José Reyes Troncoso / |
| Información miscelánea |
Capitulo X -- |
| Título |
Registro nacional de infarto agudo de miocardio, República Dominicana (RENIRD 1995/1998) |
| Mención de responsabilidad |
Claudio Almonte German -- |
| -- |
Miguel Arias Ceballos / |
| Título |
Bibliografía -- |
| -- |
Agradecimiento -- |
| -- |
Indice de los principales estudios relacionados con el infarto agudo de miocardio y su tratamiento -- |
| -- |
Indice alfabético -- |
| 590 ## - NOTA LOCAL (RLIN) |
| Nota local |
Inventariado, 2020/ YL |
| 700 12 - PUNTO DE ACCESO ADICIONAL--NOMBRE DE PERSONA |
| Nombre de persona |
Almonte Germán, Claudio |
| 9 (RLIN) |
18210 |
| 700 12 - PUNTO DE ACCESO ADICIONAL--NOMBRE DE PERSONA |
| Nombre de persona |
Arias Ceballos, Miguel Ángel |
| 9 (RLIN) |
77282 |
| 700 12 - PUNTO DE ACCESO ADICIONAL--NOMBRE DE PERSONA |
| Nombre de persona |
Cruz, Hernán A. |
| 9 (RLIN) |
77283 |
| 700 12 - PUNTO DE ACCESO ADICIONAL--NOMBRE DE PERSONA |
| Nombre de persona |
Fernández de Castro, Roberto |
| 9 (RLIN) |
77284 |
| 700 12 - PUNTO DE ACCESO ADICIONAL--NOMBRE DE PERSONA |
| Nombre de persona |
García García, Santiago |
| 9 (RLIN) |
77285 |
| 700 12 - PUNTO DE ACCESO ADICIONAL--NOMBRE DE PERSONA |
| Nombre de persona |
González Medina, Ángel |
| 9 (RLIN) |
77286 |
| 700 12 - PUNTO DE ACCESO ADICIONAL--NOMBRE DE PERSONA |
| Nombre de persona |
Guzmán, Delio José |
| 9 (RLIN) |
77287 |
| 700 12 - PUNTO DE ACCESO ADICIONAL--NOMBRE DE PERSONA |
| Nombre de persona |
Lamarche Rey, Carlos |
| 9 (RLIN) |
77288 |
| 700 12 - PUNTO DE ACCESO ADICIONAL--NOMBRE DE PERSONA |
| Nombre de persona |
Mateo, Braulio |
| 9 (RLIN) |
77289 |
| 700 12 - PUNTO DE ACCESO ADICIONAL--NOMBRE DE PERSONA |
| Nombre de persona |
Pichardo Estévez, Rafael |
| 9 (RLIN) |
77290 |
| 700 12 - PUNTO DE ACCESO ADICIONAL--NOMBRE DE PERSONA |
| Nombre de persona |
Ramírez D., Wilson |
| 9 (RLIN) |
77291 |
| 700 12 - PUNTO DE ACCESO ADICIONAL--NOMBRE DE PERSONA |
| Nombre de persona |
Reyes Troncoso, José Ángel |
| 9 (RLIN) |
77292 |
| 910 ## - DATOS DE OPCIÓN DEL USUARIO (OCLC) |
| Datos de opción del usuario |
YLockward |
| 942 ## - ELEMENTOS DE PUNTO DE ACCESO ADICIONAL (KOHA) |
| Fuente del sistema de clasificación o colocación |
Dewey Decimal Classification |
| Tipo de ítem Koha |
Libro |